000 00934nam a22002657a 4500
001 9330
003 FISKH
005 20251211091939.0
008 251211b cb ||||| |||| 00| 0 eng d
040 _aFISKH
_beng
_cFISKH
_dFISKH
050 _aPZ73 .P4919
082 _a833.914
100 _aPfister, Marcus
_eAuthor
245 _aThe happy hedgehog /
_cMarcus Pfister ; Translated by J. Alison James
260 _aNew York :
_bNorth-South Books ,
_c2000
300 _a26 unnumbered pages :
_bcolor illustrations ;
_c30 cm
505 _aN
520 _aMikko the hedgehog is perfectly content living in his garden until Grandfather Tarek suggests that he should accomplish something important in order to be happy like the other animals.
521 8 _a570
_bLexile AD
521 8 _aN
_bRaz-Plus
650 _aChildren's literature
_vHappiness
650 _aAnimal stories
_vEmotion
942 _2ddc
_cBK
_n0
999 _c9330
_d9330